[Event "Udine Oro Caffe op 1st"]
[Site "Udine"]
[Date "2008.07.06"]
[Round "2"]
[White "Baroncelli, Luca"]
[Black "Bisaro, Andrea"]
[Result "1-0"]
[WhiteElo "1510"]
[BlackElo "1614"]
[PlyCount "57"]
[EventDate "2008.07.05"]
[EventType "swiss"]
[EventRounds "6"]
[EventCountry "ITA"]
[SourceTitle "EXT 2010"]
[Source "ChessBase"]
[SourceDate "2010.11.25"]
[SourceVersion "1"]
[SourceVersionDate "2010.11.25"]
[SourceQuality "1"]

1. e4 Nc6 2. d4 e5 3. d5 Nce7 4. Bg5 h6 5. Be3 Nf6 6. Nd2 d6 7. Ne2 Ng4 8. Nc3 Nxe3 9. fxe3 Ng6 10. Qe2 Bd7 11. 0-0-0 Be7 12. g3 a6 13. h4 b5 14. Re1 c5 15. h5 Nf8 16. g4 Nh7 17. Qg2 b4 18. Ne2 Qa5 19. Kb1 b3 20. Nc1 bxa2+ 21. Ka1 0-0 22. Ncb3 Qa4 23. Bd3 Rab8 24. Ref1 Ng5 25. Rf2 Bb5 26. c4 Be8 27. Qf1 Rb6 28. Qc1 a5 29. Qc3 1-0